[Event "VII Sunway Sitges Open 2020"]
[Site "Sitges"]
[Date "2020.12.17"]
[Round "5.24"]
[White "Boyer, Mahel"]
[Black "Siebrecht, Sebastian"]
[Result "1-0"]
[WhiteElo "2307"]
[BlackElo "2429"]
[Annotator "TA"]
[PlyCount "81"]
[EventDate "2020.12.13"]
[EventType "swiss"]
[EventCountry "ESP"]
[SourceTitle "playchess.com"]
[Source "ChessBase"]
[SourceQuality "1"]

{[%evp 16,81,13,15,23,28,25,41,31,-111,0,-87,-83,-108,-27,-71,-65,-64,-64,-57,-63,-70,-44,-57,-48,-55,-47,-60,0,0,37,18,92,94,250,175,178,183,176,183,281,286,277,268,360,374,340,353,336,315,338,309,338,329,335,302,329,325,449,388,563,560,900,895,6231,6227,29982,5427]} 1. e4 c5 2. d3 g6 3. g3 Bg7 4. Bg2 Nc6 5. f4 d6 6. Nf3 e5 7. O-O Nge7 8. Nc3 O-O 9. f5 {is cutting edge theory.} gxf5 {B25: Closed Sicilian: 3 g3, lines without early Be3.} 10. Nh4 {[%cal Re4f5]} fxe4 11. dxe4 Nd4 {White is slightly better.} 12. Qh5 (12. Rf2 $14 {stays ahead.}) 12... f6 {[#]} (12... Nxc2 $17 13. Rb1 f6) 13. Nf5 $146 (13. Rf2 $11 {remains equal.}) ({Predecessor:} 13. Rf2 Be6 14. Be3 Qd7 15. Qd1 f5 16. Qd2 fxe4 17. Rxf8+ Rxf8 18. Nxe4 b6 19. c3 {0-1 (28) Robichaud,L-Duong,T (2330) Montreal 2002}) 13... Bxf5 $17 (13... Nxc2 $6 14. Nxg7 Nxa1 15. Qh6 $14) 14. exf5 d5 (14... Nxc2 $17 15. Rb1 d5) 15. g4 e4 (15... Nxc2 16. g5 $11) 16. Rf2 $1 Qe8 17. Qh3 Rd8 18. Be3 Nec6 19. Rd1 Rf7 20. Kh1 b6 21. Qg3 Bf8 (21... Kh8 $15) 22. g5 $1 $11 Bd6 23. Qg4 Ne5 (23... Nb4 $11) 24. Qh5 $16 Be7 $2 {A mistake that costs the game.} (24... Bc7 $16) 25. g6 hxg6 26. fxg6 Rg7 {[#]} 27. Nxd5 $1 {[%mdl 576] Remove Defender} Rxd5 (27... Qxg6 {might work better.} 28. Qxg6 Nxg6) 28. Bxe4 $18 Rd6 {[#] Threatens to win with ...f5.} 29. Bh6 $1 {[%cal Rh6g7]} Rxg6 30. Bxg6 Nxg6 {[#]} ({But not} 30... Qxg6 $2 {[#]} 31. Rg1 $1 $18 {[%mdl 512]}) 31. Rg2 $1 {[%mdl 512]} f5 {Threatening ...Bf8.} 32. c3 Bf8 {And now ...Bxh6 would win.} 33. cxd4 {aiming for Bf4.} Bxh6 34. Qxh6 Qe4 35. Rf1 ({Don't do} 35. Kg1 Kf7 $18) 35... cxd4 36. Rf4 Qe1+ 37. Rg1 Qe8 (37... Qe6 $142 38. h4 (38. Rxd4 Kf7 $14) 38... Kf7) 38. h4 d3 {Black hopes to continue with ...d2.} 39. Rd4 Qc6+ 40. Kh2 Qc7 {[#]} 41. Kh3 $1 {[%mdl 512] Weighted Error Value: White=0.21/Black=0.53} 1-0

[Event "VII Sunway Sitges Open 2020"]
[Site "Sitges"]
[Date "2020.12.17"]
[Round "5.25"]
[White "Bulmaga, Irina"]
[Black "Garcia Jimenez, Francisco Javier"]
[Result "1/2-1/2"]
[WhiteElo "2424"]
[BlackElo "2288"]
[Annotator "TA"]
[PlyCount "112"]
[EventDate "2020.12.13"]
[EventType "swiss"]
[EventCountry "ESP"]
[SourceTitle "playchess.com"]
[Source "ChessBase"]
[SourceQuality "1"]

{[%evp 9,112,48,70,23,20,20,25,11,18,16,13,21,32,29,38,39,36,21,21,21,21,21,21,21,21,21,31,0,0,0,0,-20,21,5,0,0,3,17,9,0,0,0,0,0,0,0,20,21,21,18,18,19,33,33,33,33,33,33,33,33,33,33,33,33,33,33,33,33,33,33,33,33,43,8,83,0,0,0,0,0,0,0,0,0,0,0,0,0,0,0,0,0,0,0,0,0,0,0,0,0,0,0,0,0,0]} 1. e4 d5 2. exd5 Qxd5 3. Nc3 Qd8 4. d4 Nf6 5. Nf3 a6 6. a4 {B01: Scandinavian Defence.} Nc6 7. h3 Bf5 8. Bc4 {White has an edge.} Nb4 9. Bb3 e6 10. Nh4 {[#]} Bd3 $146 ({Predecessor:} 10... Bg6 11. O-O Bh5 12. g4 Bg6 13. Nxg6 hxg6 14. Qf3 Be7 15. Re1 O-O 16. Bf4 c6 {½-½ (47) Todorovic,G (2476)-Piskur,M (2285) Skopje 2014}) 11. Be3 Nfd5 12. Nxd5 Nxd5 13. Bxd5 exd5 14. Qxd3 Qxh4 15. O-O Bd6 16. Rfe1 O-O 17. Qb3 Qe4 18. Re2 b5 19. Rae1 Rab8 20. a5 Rbe8 21. f3 Qf5 $1 22. Bd2 Re6 23. Rxe6 fxe6 24. Bb4 Bg3 $1 {[%cal Rg3e1]} 25. Re2 Rf6 26. Be1 Bd6 27. Bb4 {White wants to play Bxd6.} Qf4 28. Bxd6 Qxd4+ 29. Qe3 Qxe3+ 30. Rxe3 cxd6 $11 {[%mdl 4096] Endgame KR-KR} 31. Rc3 Rf4 $1 {[%cal Rf4a4]} 32. b3 d4 33. Rc6 d3 $1 34. cxd3 Rd4 35. Rxa6 {[#] Threatens to win with Rb6.} Rxd3 36. b4 Rd4 37. Kf2 Kf7 38. Ke3 Rxb4 39. Rxd6 Ra4 40. a6 Kf6 41. Rb6 h6 (41... g5 $1 $11) 42. h4 ({But not} 42. Rxb5 Rxa6 43. h4 g5 $11) (42. Kd3 $16) 42... Rxh4 {The position is equal.} 43. Rxb5 Ra4 44. Rb6 h5 45. Kd3 g5 46. Kc3 Kf5 47. Kb3 Ra1 48. Kb4 {[#] Rb5+ is the strong threat.} e5 49. Kb5 e4 50. fxe4+ Kxe4 51. Rc6 Kf4 52. Rc3 {Black must now prevent Rc5.} h4 53. Kb6 {Hoping for Rf3+.} g4 54. a7 Rb1+ 55. Kc7 Ra1 56. Kb8 Rb1+ {Weighted Error Value: White=0.05/Black=0.05} 1/2-1/2

[Event "VII Sunway Sitges Open 2020"]
[Site "Sitges"]
[Date "2020.12.17"]
[Round "5.26"]
[White "Ortega Serra, Marc"]
[Black "Gatineau, Yovann"]
[Result "0-1"]
[WhiteElo "2288"]
[BlackElo "2423"]
[Annotator "TA"]
[PlyCount "82"]
[EventDate "2020.12.13"]
[EventType "swiss"]
[EventCountry "ESP"]
[SourceTitle "playchess.com"]
[Source "ChessBase"]
[SourceQuality "1"]

{[%evp 21,82,-22,-10,-59,-48,-59,-63,-108,-102,-115,-104,-104,-96,-103,-97,-111,-104,-104,-92,-104,-98,-97,-93,-106,-63,-112,-34,-70,-48,-163,-207,-184,-199,-252,-243,-302,-290,-374,-375,-372,-367,-412,-426,-444,-428,-447,-448,-440,-441,-603,-568,-888,-835,-29971,-29973,-29982,-29983,-29983,-29984,-29981,-29982,-29995,-522]} 1. d4 Nf6 2. c4 e6 3. Nc3 Bb4 4. e3 O-O 5. a3 Bxc3+ 6. bxc3 b6 7. Bd3 Bb7 8. f3 c5 9. Ne2 Nc6 10. O-O Na5 11. e4 Ne8 12. f4 {E28: Nimzo-Indian: Sämisch: 5...0-0 6 e3.} f5 13. e5 {[#]} d6 $146 ({Predecessor:} 13... Ba6 14. d5 Bxc4 15. Bxc4 Nxc4 16. dxe6 dxe6 17. Qc2 Nc7 18. Rd1 Qe7 19. Qa2 b5 20. a4 a6 21. Bd2 Rfd8 {0-1 (32) Nakhbayeva,G (2360)-Tan,Z (2509) Ashkhabad 2017}) 14. dxc5 {Black is slightly better.} dxc5 15. Ng3 Ba6 16. Qe2 Qd7 17. Rd1 Qa4 {[%cal Ra6c4]} 18. Nf1 Bxc4 19. Bxc4 Nxc4 20. Ne3 Nxe3 21. Bxe3 Nc7 22. c4 Rfd8 23. Bf2 Rac8 (23... Rxd1+ $17 24. Rxd1 Qxa3) 24. h4 Rxd1+ 25. Rxd1 {[#] Black continues to play with concentration.} (25. Qxd1 $15 Qe8 26. Qf3) 25... b5 $1 $19 ({Don't do} 25... Qxa3 26. Qc2 $15) 26. Rc1 Qxa3 27. Qd2 (27. Qf1 $142) 27... bxc4 28. Rc3 Qa4 {Hoping for ...Nd5.} 29. Qc1 Nd5 30. Rxc4 Qb5 31. g3 a5 32. Rxc5 Rxc5 33. Bxc5 Qd3 34. Bf2 Nc3 {( -> ...Ne2+!)} 35. Kh2 {If only White now had time for Qa3....} h6 36. Qa3 {[#]} Qd2 $1 37. Kg1 Ne4 {Black mates.} 38. Ba7 Qd1+ 39. Kg2 Qe2+ 40. Kg1 Nd2 41. Bf2 Qf1+ {Weighted Error Value: White=0.58/Black=0.07} 0-1

[Event "VII Sunway Sitges Open 2020"]
[Site "Sitges"]
[Date "2020.12.17"]
[Round "5.27"]
[White "Travadon, Loic"]
[Black "Peycheva, Gergana"]
[Result "1/2-1/2"]
[WhiteElo "2421"]
[BlackElo "2257"]
[Annotator "TA"]
[PlyCount "98"]
[EventDate "2020.12.13"]
[EventType "swiss"]
[EventCountry "ESP"]
[SourceTitle "playchess.com"]
[Source "ChessBase"]
[SourceQuality "1"]

{[%evp 18,98,28,28,42,42,31,32,52,14,24,11,22,21,17,20,14,16,17,0,3,6,25,0,0,0,0,0,20,0,0,0,0,0,0,0,14,0,36,26,37,41,40,0,0,0,0,0,0,0,0,0,0,-41,-41,-41,-35,-34,-36,-59,-56,-162,-152,-215,-204,-270,-40,-40,-40,-40,-40,-40,-40,-40,-40,-40,-40,-40,0,0,0,-42,0]} 1. e4 c5 2. Nf3 g6 3. c4 Nc6 4. d4 cxd4 5. Nxd4 Nf6 6. Nc3 d6 7. Be2 Nxd4 8. Qxd4 Bg7 9. Bg5 O-O 10. Qd2 a5 {B36: Sicilian: Maroczy Bind: Gurgenidze System.} 11. Rd1 Be6 12. O-O a4 {White is slightly better.} 13. Qe3 {aiming for e5.} Qa5 14. f4 {[#]} Rac8 $146 ({Predecessor:} 14... Rfc8 15. e5 Ng4 16. Bxg4 Bxg4 17. Nd5 Bxd1 18. Nxe7+ Kh8 19. Nxc8 Rxc8 20. Rxd1 dxe5 21. fxe5 Qxe5 22. Qxe5 Bxe5 {½-½ (43) Topel,Z (2106)-Calzetta Ruiz,M (2252) Reykjavik 2015}) 15. e5 dxe5 16. fxe5 Ng4 17. Bxg4 Bxg4 18. Rd4 Be6 $1 19. Nd5 Rxc4 20. Nxe7+ Kh8 {And now ...Rxd4 would win.} 21. Bf6 Bxf6 $1 22. exf6 {Intending Qh6! and mate.} Qh5 $1 23. Rxc4 Bxc4 24. Re1 Qh4 25. b3 axb3 26. axb3 Bb5 27. Qf2 Qxf2+ (27... Qb4 {is interesting.} 28. Qe3 Qh4) 28. Kxf2 $11 {[%mdl 4096] Endgame KRB-KRN} h6 29. Rc1 Kh7 30. h4 Rd8 31. Rc5 Rd2+ 32. Ke1 Re2+ 33. Kd1 Ba6 34. g4 $1 Re4 35. h5 (35. Rc8 $5 {[%cal Rc8f8]} Be2+ 36. Kc2 Bxg4 37. Rg8 $11) 35... gxh5 36. gxh5 Rf4 37. Rf5 Rd4+ 38. Kc1 Be2 39. Kb2 {[#]} (39. Re5 $15 Bf3 40. Ng6) 39... Rh4 $1 $19 40. Rc5 (40. Rf2 $17 Bxh5 41. Nf5) 40... Rxh5 41. Rc8 {[#] and if Rf8 works, White does fine.} Rh2 $2 (41... Bg4 $1 $19 {[%cal Rg4c8]} 42. Rb8 Rb5) 42. Rg8 $1 $15 Bf3+ 43. Kc3 Rg2 44. Rf8 Bh5 45. Kd4 Rf2 46. Ke5 Re2+ 47. Kf5 $1 Rf2+ 48. Ke5 Re2+ 49. Kf5 $1 Rf2+ {Weighted Error Value: White=0.13/Black=0.15} 1/2-1/2

[Event "VII Sunway Sitges Open 2020"]
[Site "Sitges"]
[Date "2020.12.17"]
[Round "5.28"]
[White "Dardha, Daniel"]
[Black "Villar Reymundo, Juan Antonio"]
[Result "1-0"]
[WhiteElo "2487"]
[BlackElo "2129"]
[Annotator "TA"]
[PlyCount "45"]
[EventDate "2020.12.13"]
[EventType "swiss"]
[EventCountry "ESP"]
[SourceTitle "playchess.com"]
[Source "ChessBase"]
[SourceQuality "1"]

{[%evp 21,45,22,64,42,37,21,35,39,72,68,153,147,137,141,166,173,239,192,291,288,311,317,314,275,508,495]} 1. c4 Nf6 2. Nc3 d5 3. cxd5 Nxd5 4. g3 e5 5. Bg2 Ne7 6. Nf3 Nbc6 7. O-O g6 8. b4 Bg7 9. Rb1 a6 10. a4 O-O 11. d3 h6 12. b5 {A29: English Opening: Four Knights Variation with 4 g3.} axb5 13. axb5 Nd4 14. Nd2 {[#] White is slightly better.} Kh7 $146 ({Predecessor:} 14... Ra7 15. e3 Ne6 16. Nc4 b6 17. Ba3 f5 18. Qb3 Kh7 19. Ra1 Rxa3 20. Qxa3 Nc5 21. Nxe5 Bxe5 {1-0 (30) Pantsulaia,L (2607)-Paragua,M (2492) Subic Bay 2016}) 15. Nc4 g5 (15... Ne6 $14) 16. e3 $16 Ne6 17. Ba3 f5 18. b6 cxb6 (18... c5 $142 19. Bb2 Ra6) 19. Qb3 Re8 (19... Nc7 {is a better defense.} 20. Nxb6 Be6) 20. Nd6 $18 ({But not} 20. Nxb6 Rb8 $18) 20... Nc6 {intending ...Bf8.} 21. Nxe8 Qxe8 22. Nd5 Qd8 $2 {[#]} (22... b5 23. g4 fxg4 24. Be4+ Kh8) 23. Nxb6 {White took control after the opening.  Weighted Error Value: White=0.07/Black=0.57} 1-0

[Event "VII Sunway Sitges Open 2020"]
[Site "Sitges"]
[Date "2020.12.17"]
[Round "5.29"]
[White "Exposito Amaro, Josue"]
[Black "Catarineu Morales, Alex"]
[Result "1-0"]
[WhiteElo "2334"]
[BlackElo "1992"]
[Annotator "TA"]
[PlyCount "51"]
[EventDate "2020.12.13"]
[EventType "swiss"]
[EventCountry "ESP"]
[SourceTitle "playchess.com"]
[Source "ChessBase"]
[SourceQuality "1"]

{[%evp 9,51,0,16,17,22,27,18,10,52,-13,-14,-12,7,0,4,-1,11,-29,-34,-54,-70,-83,-75,-91,-85,-79,0,0,0,0,83,56,79,96,83,70,130,67,64,65,106,79,654,683]} 1. e4 c5 2. Nf3 d6 3. c3 Nf6 4. Bc4 Nxe4 5. Qa4+ Nd7 6. Bxf7+ $1 {B50: Sicilian: 2...d6, Miscellaneous.} Kxf7 7. Qxe4 Nf6 8. Qe2 {The position is equal.} e5 9. Qc4+ (9. d4 $14) 9... Ke8 $1 $11 {[#]} 10. d4 $146 ({Much worse is} 10. Ng5 Qc7 $17) ({Predecessor:} 10. O-O h6 11. Re1 a6 12. d4 b5 13. Qd3 e4 14. Rxe4+ Be7 15. Re1 Bb7 16. Nh4 {1-0 (25) Ossa Ramirez,J (1695)-Carranza,M (1618) Palmira 2017}) 10... cxd4 11. O-O ({Don't play} 11. Ng5 d5 $17) 11... Be7 12. Re1 ({Of course not} 12. Ng5 d5 $17) 12... Bf5 13. Bg5 d3 14. Nbd2 Qd7 15. Nh4 Rc8 $1 {[%cal Rc8c4]} 16. Qb3 Be6 17. c4 {[#]} Nh5 ({Better is} 17... b5 $1 $17 {[%cal Rb5c4][%mdl 512]} 18. Qxd3 (18. Qxb5 Qxb5) 18... bxc4) 18. Bxe7 Qxe7 19. g3 $1 g5 (19... Rf8 $11 {remains equal.}) 20. Ng2 {[%mdl 1024] White has strong compensation.} Bf5 21. Ne3 Bg6 22. Nd5 $36 {[%mdl 2048] White has some pressure.} Qf7 ({Black should play} 22... Qd7 $14) 23. Ne4 (23. Qa3 $16 Rd8 24. Qxa7) 23... Bxe4 $14 24. Rxe4 b6 25. Re3 Nf6 $2 {[%mdl 8192]} (25... Rf8 $16) 26. Rf3 {Weighted Error Value: White=0.15/Black=0.49} 1-0

[Event "VII Sunway Sitges Open 2020"]
[Site "Sitges"]
[Date "2020.12.17"]
[Round "5.30"]
[White "Perez Bolanos, Joel"]
[Black "Garcia Gimenez, Santiago"]
[Result "0-1"]
[WhiteElo "2058"]
[BlackElo "2300"]
[Annotator "TA"]
[PlyCount "70"]
[EventDate "2020.12.13"]
[EventType "swiss"]
[EventCountry "ESP"]
[SourceTitle "playchess.com"]
[Source "ChessBase"]
[SourceQuality "1"]

{[%evp 14,70,16,10,36,9,16,-27,-17,-18,0,17,121,-15,0,-28,-10,-57,-54,-168,-177,-168,-157,-161,-170,-171,-89,-118,-131,-135,-119,-140,-90,-301,-297,-298,-283,-731,-740,-886,-868,-5952,-5952,-5943,-5943,-5665,-5608,-1709,-4882,-2610,-2610,-2610,-2317,-12841,-1417,-29982,-902,-6389,-5616]} 1. e4 e5 2. Nf3 Nc6 3. Bb5 a6 4. Ba4 Nf6 5. O-O Be7 6. Re1 b5 7. Bb3 d6 8. a4 {White wants to play axb5.} Bd7 {[#] is cutting edge theory. C90: Closed Ruy Lopez with 7...d6: Early deviations.} 9. h3 $146 ({Predecessor:} 9. Nc3 Na5 10. Ba2 b4 11. Nd5 c5 12. c3 bxc3 13. bxc3 O-O 14. d4 cxd4 15. cxd4 Nc6 16. dxe5 Nxd5 17. Bxd5 dxe5 {½-½ (72) Dominguez Perez,L (2758)-Kamsky,G (2665) Chess.com INT 2020}) 9... Na5 10. Bd5 Nxd5 {Black has an edge.} 11. exd5 O-O 12. d4 exd4 (12... f6 $11) 13. Nxd4 ({Only move:} 13. axb5 $16 Nc4 14. Qe2 (14. Rxa6 Bf6 $16) (14. Qxd4 Bxb5 15. Qd1 Bf6 $14)) 13... b4 14. Bd2 Rb8 15. c3 Bf6 16. cxb4 (16. Nf3 $15) 16... Bxd4 $19 17. bxa5 Qf6 18. Be3 Bxb2 ({Don't take} 18... Bxe3 19. Rxe3 Rxb2 20. Rf3 $15) 19. Ra2 Rfe8 (19... Bf5 $19 {And now ...Bxb1 would win.} 20. Qe2 h6) 20. Nd2 Bc3 21. Qe2 Qg6 {...Bxh3 is the strong threat.} 22. Kh2 Bf5 $40 {[%mdl 128] Black wants a kill.} 23. Qxa6 $2 {[#] White does not recover from this.} (23. Rc1 $17 {was called for.} Bd3 24. Qg4 Qxg4 25. hxg4 Bxa5 26. Ra3) 23... Be4 $1 {[%mdl 512]} 24. Nxe4 Bxe1 25. Nd2 $2 {[#]} (25. Re2 Qxe4 {[%mdl 64] Double Attack} 26. Rxe1 Qe5+ 27. Kg1 Qxd5 28. Rc1) 25... Rxe3 $1 {[%mdl 576] Deflection} 26. fxe3 Qg3+ {[%mdl 64] Double Attack} 27. Kg1 Bxd2 28. Rxd2 {[%mdl 4096] Endgame KQR-KQR} Rb1+ 29. Qf1 Qxe3+ {[%mdl 64] Double Attack} 30. Rf2 Rxf1+ 31. Kxf1 Qc1+ 32. Ke2 Qc2+ 33. Kf3 Qxa4 34. Rb2 g6 (34... Qa3+ $142 35. Ke4 Qxb2 36. g4 Qe5+ 37. Kd3 Qxd5+ {[%mdl 64] Double Attack} 38. Kc2 Qa2+ 39. Kd3 c5 40. a6 Qxa6+ 41. Kc3 Qb5 42. h4 c4 43. g5 Qb3+ 44. Kd2 Qd3+ 45. Ke1 c3 46. Kf2 c2 47. g6 fxg6 48. Kg2 c1=Q 49. Kh2 Qcd2+ 50. Kh1 Qf1#) 35. Rb7 Qxa5 {Weighted Error Value: White=1.62/Black=0.64} 0-1

[Event "VII Sunway Sitges Open 2020"]
[Site "Sitges"]
[Date "2020.12.17"]
[Round "5.31"]
[White "Mayrhuber, Nikola"]
[Black "Gardner, Leo"]
[Result "1-0"]
[WhiteElo "1998"]
[BlackElo "1533"]
[Annotator "TA"]
[PlyCount "49"]
[EventDate "2020.12.13"]
[EventType "swiss"]
[EventCountry "ESP"]
[SourceTitle "playchess.com"]
[Source "ChessBase"]
[SourceQuality "1"]

{[%evp 17,49,13,35,31,41,29,32,22,62,44,66,61,62,62,118,55,201,200,223,93,242,235,601,580,667,670,621,534,529,525,595,589,626,559]} 1. d4 Nf6 2. Nf3 g6 3. Bg5 Bg7 4. Nbd2 O-O 5. c3 d6 6. e4 h6 7. Bh4 Nbd7 8. Bc4 Qe8 9. O-O e5 10. Re1 {A48: 1 d4 Nf6 2 Nf3 g6: Torre, London and Colle Systems.} Kh8 11. dxe5 dxe5 {[#]} 12. Bb5 $146 {White is slightly better.} ({Predecessor:} 12. Qc2 Nh5 13. Nf1 Nb6 14. Bb3 a5 15. a4 Nf4 16. Ne3 Be6 17. Nd5 Nbxd5 18. exd5 Bf5 {1-0 (34) Sosna,J (2413)-Rehorek,M (2342) Czechia 2009}) 12... c6 13. Bf1 Nb6 14. a4 a5 15. Qb3 Nbd7 (15... Nfd7 $14) 16. Rad1 ({Better is} 16. Qa3 $16) 16... Nc5 {[#]} (16... g5 $14) 17. Qa3 $1 $18 {[%cal Ra3c5]} b6 18. h3 (18. Nc4 $18 {is the precise move to win.} Ncd7 19. Qd6) 18... Nh5 (18... Nfd7 $16) 19. Nc4 b5 $2 (19... Nb7 20. Nxb6 Rb8) 20. Nd6 {White is clearly winning.} Qe6 21. Qxc5 g5 22. Bg3 Nxg3 23. fxg3 g4 24. Nh4 gxh3 25. gxh3 {Weighted Error Value: White=0.23/Black=0.74} 1-0

[Event "VII Sunway Sitges Open 2020"]
[Site "Sitges"]
[Date "2020.12.19"]
[Round "6.1"]
[White "Moussard, Jules"]
[Black "Plat, Vojtech"]
[Result "1-0"]
[WhiteElo "2626"]
[BlackElo "2562"]
[Annotator "TA"]
[PlyCount "61"]
[EventDate "2020.12.13"]
[EventType "swiss"]
[EventCountry "ESP"]
[SourceTitle "playchess.com"]
[Source "ChessBase"]
[SourceQuality "1"]

{[%evp 18,61,20,10,51,37,36,25,54,39,51,45,139,39,61,12,25,13,13,25,3,0,69,89,191,198,183,175,205,209,230,227,222,214,206,213,424,423,417,402,419,417,417,411,404,398]} 1. e4 c5 2. Nf3 Nc6 3. Bb5 g6 4. O-O Bg7 5. c3 Nf6 6. Re1 O-O 7. h3 a6 8. Bxc6 dxc6 9. d4 cxd4 10. cxd4 Ne8 {B31: Sicilian: 2...Nc6 3 Bb5 g6.} 11. Nc3 Nd6 {[#]} 12. a4 $146 ({Predecessor:} 12. Bg5 Nb5 13. Nxb5 axb5 14. Qd2 Re8 15. a3 Be6 16. Bh6 Bh8 17. Qf4 f6 18. Rad1 {0-1 (44) Maier,A (2303)-Gutman,L (2477) Nuremberg 2012}) 12... b5 {White has an edge.} 13. e5 Nc4 14. b3 Na5 (14... Nb6 $1 $14) 15. Ne4 ({White should play} 15. axb5 $16 cxb5 16. d5) 15... Qd5 16. Ba3 Bf5 17. Ng3 Be6 18. axb5 Nxb3 19. Rb1 $1 c5 (19... axb5 $11 20. Bxe7 Rfc8) 20. b6 $14 {Threatens to win with dxc5.} Nxd4 (20... c4 $16) 21. Nxd4 $18 cxd4 22. Bxe7 Rfe8 {[#]} 23. Bd6 $1 {And now b7 would win.} Bc8 24. Qb3 Qxb3 25. Rxb3 Bb7 {[#]} 26. Ne4 $1 Rac8 $2 (26... Bxe5 27. Bxe5 Rxe5 28. Nf6+ {[%mdl 64] Discovered Attack} Kg7 29. Rxe5 Kxf6) 27. Nc5 Bd5 {White must now prevent ...Rxc5.} 28. b7 {White is winning.} Bxb3 29. bxc8=Q ({Less strong is} 29. Nxb3 Rcd8 $16) ({Don't play} 29. bxc8=B Rxc8 30. Nxb3 d3 $18) ({Weaker is} 29. bxc8=N Bc2 $18) 29... Rxc8 30. Nxb3 d3 31. Rd1 {Weighted Error Value: White=0.15/Black=0.35} 1-0

[Event "VII Sunway Sitges Open 2020"]
[Site "Sitges"]
[Date "2020.12.19"]
[Round "6.2"]
[White "Cheparinov, Ivan"]
[Black "Asis Gargatagli, Hipolito"]
[Result "1-0"]
[WhiteElo "2688"]
[BlackElo "2470"]
[Annotator "TA"]
[PlyCount "97"]
[EventDate "2020.12.13"]
[EventType "swiss"]
[EventCountry "ESP"]
[SourceTitle "playchess.com"]
[Source "ChessBase"]
[SourceQuality "1"]

{[%evp 10,97,29,35,41,45,59,34,49,39,40,36,47,55,40,56,38,39,39,32,47,47,44,43,49,31,43,36,45,36,30,32,43,29,29,27,35,26,112,107,108,113,129,81,87,92,96,83,101,95,100,53,53,52,53,53,53,53,53,58,139,106,114,98,126,115,108,106,132,132,120,101,93,91,121,113,114,114,181,173,583,623,608,553,437,126,1481,1408,4137,4137]} 1. d4 d6 2. e4 Nf6 3. Nc3 g6 4. Nf3 Bg7 5. Be3 a6 6. Qd2 b5 {B08: Pirc Defence: Classical System.} 7. Bh6 O-O $1 8. Bd3 Nc6 {White is slightly better.} 9. Bxg7 Kxg7 10. e5 dxe5 11. dxe5 Ng4 12. O-O-O b4 13. Rhe1 Rb8 14. Na4 {Black must now prevent h3.} Qd5 15. b3 $1 Ngxe5 16. Nxe5 Nxe5 17. Bf1 Qxd2+ 18. Rxd2 Nc6 19. Rd5 {[#]} Nd8 $146 ({Predecessor:} 19... e6 20. Rc5 Bb7 21. f3 Ne7 22. Rxc7 Nd5 23. Rc5 Rfc8 24. Bc4 Rxc5 25. Nxc5 Nc3 {½-½ (64) Goryachkina,A (2575)-Paehtz,E (2484) Monaco 2019}) 20. Rxe7 Ne6 $1 21. Nc5 Kf6 22. Nd7+ {[%mdl 64] Double Attack} Kxe7 23. Nxb8 c5 (23... Bb7 $1 $11 24. Rd7+ Kf6 25. Nxa6 {[%mdl 64] Double Attack} Bc8) 24. Kb2 (24. Bxa6 Bxa6 25. Nxa6 Rc8 $11) 24... h5 25. h4 (25. Bxa6 $6 Bxa6 26. Nxa6 Ra8 $11) 25... Rg8 26. c3 (26. Bxa6 Bxa6 27. Nxa6 Ra8 $11) 26... bxc3+ 27. Kxc3 g5 28. hxg5 ({Much weaker is} 28. Bxa6 $6 gxh4 29. Bxc8 (29. Rxh5 Bxa6 30. Nxa6 Rxg2 $11) 29... Rxc8 $11) 28... Rxg5 29. Rxg5 Nxg5 $16 {[%mdl 4096] Endgame KBN-KBN} 30. f3 ({Much worse is} 30. Nxa6 Ne4+ 31. Kb2 h4 $11) 30... h4 31. Nxa6 Kd6 32. b4 cxb4+ 33. Nxb4 h3 34. gxh3 Nxf3 (34... Bxh3 $14 35. Bxh3 Nxh3) 35. Kd3 Kc5 {[#]} 36. a3 $1 Ne5+ 37. Ke4 Ng6 38. Ke3 Bd7 39. Nd3+ Kd6 40. Kf2 Kd5 41. Kg3 Kd4 {[#]} 42. Nf4 $1 {aiming for Nxg6.} Ne7 43. Bd3 Kc3 (43... f6 $16 {might work better.}) 44. h4 $18 Kb3 $2 (44... Ng8 {is tougher.} 45. Be4 Kd4) 45. h5 Ng8 46. Nd5 f5 47. a4 $2 (47. Nc7 $18 {and White stays clearly on top.}) 47... Be8 $2 {[%mdl 8192]} (47... Bxa4 $16 48. Bxf5 Be8) 48. a5 Bxh5 49. Bb5 {Weighted Error Value: White=0.18/Black=0.30} 1-0